[Event "GBR-ch89"]
[Site "Torquay"]
[Date "2002.08.03"]
[Round "6"]
[White "Barua, Dibyendu"]
[Black "Wells, Peter K"]
[Result "1/2-1/2"]
[WhiteElo "2542"]
[BlackElo "2479"]
[PlyCount "58"]
[EventDate "2002.07.29"]
[EventType "swiss"]
[EventRounds "11"]
[EventCountry "GBR"]
[SourceTitle "BritBase"]
[Source "John Saunders"]
[SourceDate "2008.07.14"]
[SourceVersion "1"]
[SourceVersionDate "2008.07.14"]
[SourceQuality "2"]

1. e4 c5 2. Nf3 Nc6 3. d4 cxd4 4. Nxd4 Nf6 5. Nc3 d6 6. Be2 g6 7. O-O Bg7 8.
Be3 O-O 9. Nb3 Be6 10. f4 Rc8 11. Kh1 a6 12. Bf3 Nd7 13. Rb1 Bc4 14. Rf2 b5 15.
a3 Bxc3 16. bxc3 Nb6 17. Bg4 e6 18. f5 exf5 19. exf5 Nd5 20. Bd2 Qh4 21. g3 Qf6
22. Kg1 g5 23. Nd4 Nxd4 24. cxd4 Rfe8 25. c3 Ne3 26. Qf3 Bd5 27. Qe2 Bc4 28.
Qf3 Bd5 29. Qe2 Bc4 1/2-1/2

[Event "GBR-ch89"]
[Site "Torquay"]
[Date "2002.08.03"]
[Round "6"]
[White "Berry, Neil"]
[Black "Wohl, Aleksandar"]
[Result "1-0"]
[WhiteElo "2255"]
[BlackElo "2419"]
[PlyCount "139"]
[EventDate "2002.07.29"]
[EventType "swiss"]
[EventRounds "11"]
[EventCountry "GBR"]
[SourceTitle "BritBase"]
[Source "John Saunders"]
[SourceDate "2008.07.14"]
[SourceVersion "1"]
[SourceVersionDate "2008.07.14"]
[SourceQuality "2"]

1. Nf3 c5 2. c4 e6 3. g3 a6 4. Bg2 Nf6 5. Nc3 Nc6 6. O-O Qb6 7. e4 d6 8. d3 Be7
9. h3 O-O 10. Rb1 Bd7 11. Be3 Qa5 12. Bd2 Qc7 13. a3 Rfd8 14. Re1 Ne5 15. Qc2
b5 16. b3 Rab8 17. Nh2 Nc6 18. Ne2 Be8 19. Ng4 Rb6 20. Bc3 Nxg4 21. hxg4 b4 22.
axb4 Nxb4 23. Qd2 Rdb8 24. d4 e5 25. d5 a5 26. Ra1 Ra6 27. Reb1 Qd7 28. Bf3 h6
29. Nc1 Bg5 30. Qd1 Qc8 31. Nd3 Bd7 32. Nb2 g6 33. Ra3 Qc7 34. Rba1 Rba8 35.
Kg2 Qc8 36. Be1 Qf8 37. Bc3 f5 38. gxf5 gxf5 39. Nd3 Bc8 40. Be1 Qf6 41. Qe2
R8a7 42. Bxb4 cxb4 43. R3a2 Qe7 44. exf5 e4 45. Qxe4 Qf7 46. Bg4 h5 47. Bh3 Re7
48. Qf3 Bf6 49. Rb1 Bc3 50. Qf4 Qf6 51. c5 dxc5 52. Nxc5 Ra8 53. Kg1 h4 54. Ne4
Qd4 55. Qg5+ Kf8 56. Qh6+ Qg7 57. Qxh4 Qh7 58. Qxh7 Rxh7 59. Bg4 Be5 60. f3 Bb7
61. Rd1 a4 62. Rxa4 Rxa4 63. bxa4 b3 64. f4 Bc7 65. Ng5 Bb6+ 66. Kg2 Rd7 67.
Bf3 Ke7 68. Rb1 Rxd5 69. Rxb3 Rd2+ 70. Kh3 1-0

[Event "GBR-ch89"]
[Site "Torquay"]
[Date "2002.08.03"]
[Round "6"]
[White "Collins, Sam IRL"]
[Black "Williams, Simon K"]
[Result "1-0"]
[WhiteElo "2313"]
[BlackElo "2421"]
[PlyCount "143"]
[EventDate "2002.07.29"]
[EventType "swiss"]
[EventRounds "11"]
[EventCountry "GBR"]
[SourceTitle "BritBase"]
[Source "John Saunders"]
[SourceDate "2008.07.14"]
[SourceVersion "1"]
[SourceVersionDate "2008.07.14"]
[SourceQuality "2"]

1. e4 e6 2. d4 d5 3. Nd2 Nf6 4. e5 Nfd7 5. c3 c5 6. f4 Nc6 7. Ndf3 cxd4 8. cxd4
Qb6 9. a3 Na5 10. Ne2 Qb3 11. Bd2 Qxd1+ 12. Rxd1 Nc4 13. Bc1 Ndb6 14. a4 Bb4+
15. Kf2 Bd7 16. b3 Na5 17. Bd2 Bxd2 18. Nxd2 Rc8 19. Rc1 Ke7 20. Rc5 Nc6 21.
Nf3 Na8 22. h4 Nb4 23. Nc1 Nc7 24. Nd3 Nca6 25. Rc1 Na2 26. Ra1 Rc2+ 27. Ke3
N2b4 28. Nfe1 Rc3 29. Rb1 Rhc8 30. Kd2 R3c7 31. Rb2 Nc6 32. Nf3 Ncb4 33. Nfe1
Be8 34. h5 h6 35. g4 Nc6 36. Nf3 Na5 37. Be2 Bxa4 38. bxa4 Nc4+ 39. Ke1 Nxb2
40. Nxb2 Rc2 41. Nd3 Ra2 42. f5 Rxa4 43. Kf2 b5 44. Nf4 b4 45. g5 hxg5 46. Nxg5
Nc7 47. fxe6 fxe6 48. h6 gxh6 49. Rxh6 Rf8 50. Ngxe6 Nxe6 51. Rxe6+ Kd8 52.
Rd6+ Kc8 53. Rf6 Rh8 54. e6 Ra2 55. Kg3 Rg8+ 56. Bg4 Kd8 57. Nxd5 b3 58. Rf3 b2
59. e7+ Ke8 60. Nf6+ Kxe7 61. Nxg8+ Kd6 62. Bf5 Ra1 63. Rb3 Rg1+ 64. Kf2 Rxg8
65. Be4 Rh8 66. Rxb2 Rh3 67. Bf3 Rh2+ 68. Bg2 Rh4 69. Ke3 Rg4 70. Bf3 Rg1 71.
Rg2 Re1+ 72. Kf4 1-0

[Event "GBR-ch89"]
[Site "Torquay"]
[Date "2002.08.03"]
[Round "6"]
[White "Devereaux, Max"]
[Black "Grant, Jonathan"]
[Result "1/2-1/2"]
[WhiteElo "2268"]
[BlackElo "2201"]
[PlyCount "109"]
[EventDate "2002.07.29"]
[EventType "swiss"]
[EventRounds "11"]
[EventCountry "GBR"]
[SourceTitle "BritBase"]
[Source "John Saunders"]
[SourceDate "2008.07.14"]
[SourceVersion "1"]
[SourceVersionDate "2008.07.14"]
[SourceQuality "2"]

1. d4 Nf6 2. Nf3 e6 3. c4 Bb4+ 4. Nbd2 b6 5. a3 Bxd2+ 6. Bxd2 Bb7 7. Bg5 d6 8.
e3 Nbd7 9. Bd3 h6 10. Bh4 g5 11. Bg3 Ne4 12. Qc2 Ndf6 13. b4 c5 14. O-O Qe7 15.
bxc5 bxc5 16. Rab1 Bc6 17. Nd2 Nxd2 18. Qxd2 Ne4 19. Bxe4 Bxe4 20. Rb2 Rd8 21.
f3 Bg6 22. Rd1 O-O 23. Qa5 cxd4 24. Rxd4 e5 25. Rd1 f5 26. Rbd2 f4 27. exf4
gxf4 28. Bf2 Bf7 29. Qa6 e4 30. fxe4 Qxe4 31. Rd4 Qe5 32. c5 Qxc5 33. Rxf4 Qg5
34. Rf3 Bg6 35. Rg3 Qf5 36. Qxa7 Rf7 37. Qd4 Rdf8 38. h4 Kh7 39. Rf3 Qc2 40.
Rxf7+ Rxf7 41. Re1 d5 42. a4 Be4 43. a5 Rg7 44. Rxe4 Qxe4 45. Qxe4+ dxe4 46. a6
Rg6 47. a7 Ra6 48. Kh2 Kg6 49. g4 h5 50. Kg3 Ra3+ 51. Kf4 e3 52. gxh5+ Kxh5 53.
Bxe3 Kxh4 54. Ke4 Rxa7 55. Bxa7 1/2-1/2

[Event "GBR-ch89"]
[Site "Torquay"]
[Date "2002.08.03"]
[Round "6"]
[White "Dhar Barua, Saheli"]
[Black "Lyell, Mark"]
[Result "1/2-1/2"]
[WhiteElo "2221"]
[BlackElo "2265"]
[PlyCount "118"]
[EventDate "2002.07.29"]
[EventType "swiss"]
[EventRounds "11"]
[EventCountry "GBR"]
[SourceTitle "BritBase"]
[Source "John Saunders"]
[SourceDate "2008.07.14"]
[SourceVersion "1"]
[SourceVersionDate "2008.07.14"]
[SourceQuality "2"]

1. e4 e5 2. Nf3 Nc6 3. Bb5 f5 4. Nc3 fxe4 5. Nxe4 Nf6 6. Qe2 d5 7. Nxf6+ gxf6
8. d4 Bg7 9. dxe5 O-O 10. Bxc6 bxc6 11. e6 Qd6 12. O-O c5 13. Re1 Re8 14. e7
Rb8 15. c3 Ba6 16. Qd1 c6 17. g3 Qd7 18. Be3 Rxe7 19. Bxc5 Rxe1+ 20. Qxe1 Rxb2
21. Nd4 Bd3 22. Qc1 Rb8 23. Qe3 Be4 24. f3 Bg6 25. Qe6+ Qxe6 26. Nxe6 Bh6 27.
Bxa7 Re8 28. Nf4 Bxf4 29. gxf4 Re2 30. a4 Bd3 31. a5 Ba6 32. Rb1 Bb5 33. Ra1
Ba6 34. Rb1 Ra2 35. Rb8+ Kf7 36. Bb6 Kg6 37. Rg8+ Kf5 38. Rf8 Be2 39. Kf2 Ba6+
40. Kg1 Be2 41. Kf2 Bd3+ 42. Ke3 Bb5 43. Bd8 Re2+ 44. Kd4 Re6 45. Bc7 Be2 46.
Kc5 Kg6 47. Rb8 Re7 48. Rb7 Kf5 49. Kxc6 Re3 50. Rb3 d4 51. Bb6 Rxc3+ 52. Rxc3
dxc3 53. Be3 Bxf3+ 54. Kc5 Kg4 55. Kd4 c2 56. Kd3 Kh3 57. Kxc2 Kxh2 58. f5 Kg3
59. Bd4 Kf4 1/2-1/2

[Event "GBR-ch89"]
[Site "Torquay"]
[Date "2002.08.03"]
[Round "6"]
[White "Dorrington, Christopher"]
[Black "Sowray, Peter J"]
[Result "1/2-1/2"]
[WhiteElo "2218"]
[BlackElo "2330"]
[PlyCount "47"]
[EventDate "2002.07.29"]
[EventType "swiss"]
[EventRounds "11"]
[EventCountry "GBR"]
[SourceTitle "BritBase"]
[Source "John Saunders"]
[SourceDate "2008.07.14"]
[SourceVersion "1"]
[SourceVersionDate "2008.07.14"]
[SourceQuality "2"]

1. e4 d6 2. d4 Nf6 3. Nc3 g6 4. f3 c6 5. Be3 Nbd7 6. Qd2 b5 7. a4 b4 8. Nd1 a5
9. c3 Rb8 10. Bd3 e5 11. Ne2 Bg7 12. O-O O-O 13. Nf2 d5 14. f4 bxc3 15. bxc3
dxe4 16. Nxe4 Nxe4 17. Bxe4 exd4 18. Nxd4 Nf6 19. Bxc6 Ng4 20. Bf3 Nxe3 21.
Qxe3 Re8 22. Qd2 Bd7 23. Rfd1 Qc7 24. Ne2 1/2-1/2

[Event "GBR-ch89"]
[Site "Torquay"]
[Date "2002.08.03"]
[Round "6"]
[White "Emms, John M"]
[Black "Muir, Andrew J"]
[Result "1-0"]
[WhiteElo "2544"]
[BlackElo "2294"]
[PlyCount "77"]
[EventDate "2002.07.29"]
[EventType "swiss"]
[EventRounds "11"]
[EventCountry "GBR"]
[SourceTitle "BritBase"]
[Source "John Saunders"]
[SourceDate "2008.07.14"]
[SourceVersion "1"]
[SourceVersionDate "2008.07.14"]
[SourceQuality "2"]

1. e4 c5 2. Nf3 Nc6 3. c3 d5 4. exd5 Qxd5 5. d4 Nf6 6. Be3 e5 7. dxe5 Qxd1+ 8.
Kxd1 Ng4 9. Na3 Bf5 10. Nc4 O-O-O+ 11. Ke1 Re8 12. Rd1 Ncxe5 13. Nfxe5 Nxe5 14.
Nxe5 Rxe5 15. Bc4 Be6 16. Bxe6+ Rxe6 17. Rd5 Be7 18. Ke2 Rd8 19. Rhd1 b6 20.
Rxd8+ Bxd8 21. Rd5 Bf6 22. Kd3 Kc7 23. b4 cxb4 24. cxb4 Kc6 25. Rh5 Re5 26.
Rxh7 Kb5 27. Bd2 Rf5 28. f4 Rd5+ 29. Kc2 Ka4 30. g4 Rd7 31. g5 Rc7+ 32. Kd3 Bb2
33. h4 f5 34. h5 Rd7+ 35. Kc2 Ka3 36. h6 Rc7+ 37. Kb1 Bd4 38. hxg7 Bxg7 39.
Bc1+ 1-0

[Event "GBR-ch89"]
[Site "Torquay"]
[Date "2002.08.03"]
[Round "6"]
[White "Evans-Quek, Debbie"]
[Black "Taylor, Peter P"]
[Result "0-1"]
[WhiteElo "2069"]
[BlackElo "2224"]
[PlyCount "96"]
[EventDate "2002.07.29"]
[EventType "swiss"]
[EventRounds "11"]
[EventCountry "GBR"]
[SourceTitle "BritBase"]
[Source "John Saunders"]
[SourceDate "2008.07.14"]
[SourceVersion "1"]
[SourceVersionDate "2008.07.14"]
[SourceQuality "2"]

1. g3 e5 2. Bg2 d6 3. d3 f5 4. Nf3 Nf6 5. c4 Be7 6. O-O O-O 7. Nc3 Qe8 8. c5
Kh8 9. Qb3 Na6 10. cxd6 Bxd6 11. d4 e4 12. Ng5 c6 13. a3 Nc7 14. Nh3 Ncd5 15.
Bg5 h6 16. Bxf6 Nxf6 17. e3 g5 18. Rfe1 Rb8 19. Qc2 Be6 20. b4 a6 21. Qd1 Qd7
22. Kh1 f4 23. Nxf4 gxf4 24. exf4 Bd5 25. Nxd5 cxd5 26. f3 exf3 27. Qxf3 Rfe8
28. Re5 Bxe5 29. dxe5 Ne4 30. Qh5 Qg7 31. Bh3 Nf2+ 32. Kg2 Nxh3 33. Qxh3 d4 34.
Rd1 Rbd8 35. Qf5 Qd7 36. Qh5 Kh7 37. f5 Qc6+ 38. Kh3 Rg8 39. e6 Qe4 40. Qf7+
Rg7 41. Qf6 Qg4+ 42. Kg2 Qe2+ 43. Kh3 Qxd1 44. Qxd8 Qh5+ 45. Kg2 Qxf5 46. Qxd4
Qxe6 47. Qd3+ Qg6 48. Qd4 Qf5 0-1

[Event "GBR-ch89"]
[Site "Torquay"]
[Date "2002.08.03"]
[Round "6"]
[White "Flear, Glenn"]
[Black "Evans-Quek, Suan"]
[Result "0-1"]
[WhiteElo "2538"]
[BlackElo "2268"]
[PlyCount "80"]
[EventDate "2002.07.29"]
[EventType "swiss"]
[EventRounds "11"]
[EventCountry "GBR"]
[SourceTitle "BritBase"]
[Source "John Saunders"]
[SourceDate "2008.07.14"]
[SourceVersion "1"]
[SourceVersionDate "2008.07.14"]
[SourceQuality "2"]

1. d4 d6 2. e4 Nf6 3. Nc3 g6 4. Be3 c6 5. h3 Nbd7 6. f4 d5 7. e5 Nh5 8. Qf3 Ng7
9. g4 f5 10. Bd3 Nb6 11. Nge2 Be6 12. Nd1 Qd7 13. Nf2 O-O-O 14. Rg1 Kb8 15. b3
Bf7 16. a4 e6 17. a5 Na8 18. Bc1 Rc8 19. Ba3 Bxa3 20. Rxa3 Qe7 21. Ra2 c5 22.
dxc5 Qxc5 23. c3 Rhd8 24. b4 Qe7 25. Kd2 d4 26. Nxd4 Nc7 27. a6 Nd5 28. axb7
Rxc3 29. Rb1 Be8 30. Rc2 Rxc2+ 31. Nxc2 g5 32. fxg5 Qc7 33. Ke1 Ba4 34. Na1
Qc3+ 35. Kf1 Bb5 36. Kg1 Bc6 37. b5 Bxb7 38. Qd1 Qxe5 39. Qb3 Ne3 40. Be4 Qg3+
0-1

[Event "GBR-ch89"]
[Site "Torquay"]
[Date "2002.08.03"]
[Round "6"]
[White "Ganguly, Surya Shekhar"]
[Black "Haslinger, Stewart"]
[Result "1/2-1/2"]
[WhiteElo "2524"]
[BlackElo "2310"]
[PlyCount "99"]
[EventDate "2002.07.29"]
[EventType "swiss"]
[EventRounds "11"]
[EventCountry "GBR"]
[SourceTitle "BritBase"]
[Source "John Saunders"]
[SourceDate "2008.07.14"]
[SourceVersion "1"]
[SourceVersionDate "2008.07.14"]
[SourceQuality "2"]

1. e4 e5 2. a3 Nf6 3. Nc3 Nc6 4. Nf3 g6 5. d4 exd4 6. Nxd4 Bg7 7. Nxc6 bxc6 8.
Bd3 O-O 9. O-O Rb8 10. Rb1 d5 11. exd5 Ng4 12. Bf4 cxd5 13. Be2 d4 14. Nb5 Qd7
15. h3 Ne5 16. Nxd4 Bb7 17. Be3 Rfd8 18. Qe1 Be4 19. f3 Nd3 20. cxd3 Bxd4 21.
Qf2 Bf5 22. b4 Bxe3 23. Qxe3 Re8 24. Qf2 Rb5 25. Rfd1 Bxh3 26. gxh3 Qxh3 27.
Bf1 Rg5+ 28. Bg2 Re3 29. Rf1 Rxd3 30. Rbd1 Qd7 31. Rxd3 Qxd3 32. Qxa7 Qd2 33.
Qf2 Qc3 34. Rd1 Qxa3 35. Rd8+ Kg7 36. Qd4+ Kh6 37. Qd2 Qa1+ 38. Kf2 Qe5 39. f4
Rf5 40. Kg3 Qe7 41. Rd7 Qf6 42. Rxc7 Rh5 43. Rc1 Rb5 44. Rc6 Qf5 45. Be4 Qxe4
46. f5+ Kh5 47. Qh2+ Kg5 48. Qd2+ Kxf5 49. Qf2+ Kg5 50. Qd2+ 1/2-1/2

[Event "GBR-ch89"]
[Site "Torquay"]
[Date "2002.08.03"]
[Round "6"]
[White "Gormally, Daniel W"]
[Black "Meenakshi, Subbaraman"]
[Result "1-0"]
[WhiteElo "2525"]
[BlackElo "2266"]
[PlyCount "103"]
[EventDate "2002.07.29"]
[EventType "swiss"]
[EventRounds "11"]
[EventCountry "GBR"]
[SourceTitle "BritBase"]
[Source "John Saunders"]
[SourceDate "2008.07.14"]
[SourceVersion "1"]
[SourceVersionDate "2008.07.14"]
[SourceQuality "2"]

1. d4 d5 2. c4 dxc4 3. Nf3 Nf6 4. Nc3 a6 5. e4 b5 6. e5 Nd5 7. a4 Nxc3 8. bxc3
Bb7 9. e6 fxe6 10. Be2 Qd5 11. O-O Nd7 12. Ne1 e5 13. Bf3 e4 14. Bg4 Nf6 15.
Nc2 Nxg4 16. Qxg4 g6 17. axb5 Qd7 18. bxa6 Qxg4 19. axb7 Rd8 20. Ra8 Qd7 21.
Nb4 Bg7 22. Rxd8+ Qxd8 23. Nc6 Kd7 24. Nxd8 Rxd8 25. Be3 Rb8 26. Rb1 e5 27. d5
c5 28. Bxc5 Kc7 29. Rb4 Rxb7 30. Bd6+ Kc8 31. Rxc4+ Kd7 32. Bb4 Ra7 33. g3 Ra1+
34. Kg2 Rd1 35. d6 Bf8 36. Rc7+ Ke6 37. d7 Bxb4 38. cxb4 Rd2 39. Kf1 Ke7 40.
d8=Q+ Kxd8 41. Rxh7 Ke8 42. b5 Rb2 43. Rg7 e3 44. fxe3 Rxh2 45. b6 Rb2 46. b7
Kd8 47. Ke1 e4 48. Kd1 g5 49. Kc1 Rb6 50. g4 Rb5 51. Kc2 Rc5+ 52. Kb2 1-0

[Event "GBR-ch89"]
[Site "Torquay"]
[Date "2002.08.03"]
[Round "6"]
[White "Hanley, Craig A"]
[Black "Swathi, Ghate"]
[Result "1-0"]
[WhiteElo "2331"]
[BlackElo "2234"]
[PlyCount "59"]
[EventDate "2002.07.29"]
[EventType "swiss"]
[EventRounds "11"]
[EventCountry "GBR"]
[SourceTitle "BritBase"]
[Source "John Saunders"]
[SourceDate "2008.07.14"]
[SourceVersion "1"]
[SourceVersionDate "2008.07.14"]
[SourceQuality "2"]

1. e4 e5 2. Nc3 Nf6 3. g3 d5 4. exd5 Nxd5 5. Bg2 Be6 6. Nf3 Nxc3 7. bxc3 Nd7 8.
O-O Bd6 9. Re1 O-O 10. d4 Bg4 11. Qd3 Bxf3 12. Qxf3 c6 13. Rb1 Qc7 14. Bg5 Rfe8
15. d5 c5 16. c4 Nb6 17. Re4 Qd7 18. g4 Rf8 19. Bh3 f6 20. Bd2 Nc8 21. Bc3 b6
22. Rbe1 Qf7 23. Qg2 Ne7 24. g5 Kh8 25. Be6 Qg6 26. h4 f5 27. Rxe5 Bxe5 28.
Bxe5 Qh5 29. Qh3 Ng6 30. Bxg7+ 1-0

[Event "GBR-ch89"]
[Site "Torquay"]
[Date "2002.08.03"]
[Round "6"]
[White "Howell, David W"]
[Black "Wheeler, John F"]
[Result "1-0"]
[WhiteElo "2211"]
[BlackElo "2235"]
[PlyCount "105"]
[EventDate "2002.07.29"]
[EventType "swiss"]
[EventRounds "11"]
[EventCountry "GBR"]
[SourceTitle "BritBase"]
[Source "John Saunders"]
[SourceDate "2008.07.14"]
[SourceVersion "1"]
[SourceVersionDate "2008.07.14"]
[SourceQuality "2"]

1. e4 e5 2. Nf3 Nf6 3. Nxe5 d6 4. Nf3 Nxe4 5. d4 d5 6. Bd3 Nc6 7. O-O Be7 8. c4
Nb4 9. Be2 O-O 10. Nc3 Be6 11. Ne5 f6 12. Bg4 Bxg4 13. Nxg4 Nxc3 14. bxc3 Nc6
15. cxd5 Qxd5 16. Ne3 Qf7 17. Nf5 Rfe8 18. Bf4 Bf8 19. Qb3 Qxb3 20. axb3 Ne7
21. Ne3 c6 22. Ra5 a6 23. h4 Rad8 24. Rc1 Nd5 25. Nxd5 cxd5 26. Be3 Kf7 27. Ra4
Re6 28. c4 Rb6 29. Rc3 Bb4 30. Rd3 a5 31. c5 Rc6 32. Bd2 b6 33. Bxb4 axb4 34.
Ra7+ Kg6 35. cxb6 Rxb6 36. Rg3+ Kf5 37. Raxg7 Rc8 38. Rxh7 Rc1+ 39. Kh2 Rd1 40.
Rh5+ Ke6 41. Re3+ Kd6 42. Rf5 Rxd4 43. Rxf6+ Kc5 44. Rxb6 Kxb6 45. h5 Rf4 46.
Rf3 Re4 47. Kh3 d4 48. g4 Re1 49. Rd3 Kc5 50. g5 Rg1 51. g6 Kd5 52. Rg3 Rh1+
53. Kg2 1-0

[Event "GBR-ch89"]
[Site "Torquay"]
[Date "2002.08.03"]
[Round "6"]
[White "Jones, Gawain C B"]
[Black "Saravanan, Venkat"]
[Result "1/2-1/2"]
[WhiteElo "2237"]
[BlackElo "2385"]
[PlyCount "50"]
[EventDate "2002.07.29"]
[EventType "swiss"]
[EventRounds "11"]
[EventCountry "GBR"]
[SourceTitle "BritBase"]
[Source "John Saunders"]
[SourceDate "2008.07.14"]
[SourceVersion "1"]
[SourceVersionDate "2008.07.14"]
[SourceQuality "2"]

1. e4 c5 2. Nf3 d6 3. c3 Nf6 4. Be2 g6 5. O-O Bg7 6. Bb5+ Bd7 7. Bxd7+ Nbxd7 8.
Re1 O-O 9. d4 e6 10. Bf4 Qb6 11. Na3 d5 12. e5 Ne8 13. Qd2 f6 14. dxc5 Nxc5 15.
Be3 fxe5 16. Bxc5 Qxc5 17. Nxe5 Rf5 18. Nd3 Qe7 19. Nc2 Nc7 20. Nd4 Rh5 21. f4
Rf8 22. Re2 g5 23. Rf1 gxf4 24. Rxf4 Rxf4 25. Qxf4 Qf7 1/2-1/2

[Event "GBR-ch89"]
[Site "Torquay"]
[Date "2002.08.03"]
[Round "6"]
[White "Knott, Simon JB"]
[Black "Gallagher, Joseph G"]
[Result "0-1"]
[WhiteElo "2367"]
[BlackElo "2517"]
[PlyCount "80"]
[EventDate "2002.07.29"]
[EventType "swiss"]
[EventRounds "11"]
[EventCountry "GBR"]
[SourceTitle "BritBase"]
[Source "John Saunders"]
[SourceDate "2008.07.14"]
[SourceVersion "1"]
[SourceVersionDate "2008.07.14"]
[SourceQuality "2"]

1. Nf3 Nf6 2. c4 g6 3. Nc3 Bg7 4. d4 d6 5. e4 O-O 6. Be2 e5 7. O-O Na6 8. Be3
Ng4 9. Bg5 Qe8 10. dxe5 dxe5 11. h3 h6 12. Bd2 Nf6 13. Be3 Qe7 14. Nd5 Qd8 15.
Nxf6+ Qxf6 16. c5 Nb8 17. b4 a6 18. a4 Nc6 19. b5 Rd8 20. Qc1 Nd4 21. Bxd4 exd4
22. e5 Qe7 23. bxa6 d3 24. axb7 Bxb7 25. Bd1 d2 26. Qa3 Ba6 27. Qe3 Bxf1 28.
Kxf1 Ra5 29. Ra2 Qxc5 30. Rxd2 Rxd2 31. Qxd2 Bxe5 32. Qxh6 Qc4+ 33. Be2 Qxa4
34. g3 Qe4 35. Qd2 Ra3 36. Qd8+ Kg7 37. Qe7 Ra1+ 38. Kg2 Qxe2 39. Qxe5+ Qxe5
40. Nxe5 Kf6 0-1

[Event "GBR-ch89"]
[Site "Torquay"]
[Date "2002.08.03"]
[Round "6"]
[White "Kunte, Abhijit"]
[Black "Lalic, Bogdan"]
[Result "1/2-1/2"]
[WhiteElo "2477"]
[BlackElo "2540"]
[PlyCount "23"]
[EventDate "2002.07.29"]
[EventType "swiss"]
[EventRounds "11"]
[EventCountry "GBR"]
[SourceTitle "BritBase"]
[Source "John Saunders"]
[SourceDate "2008.07.14"]
[SourceVersion "1"]
[SourceVersionDate "2008.07.14"]
[SourceQuality "2"]

1. c4 e5 2. Nc3 Nf6 3. Nf3 Nc6 4. a3 g6 5. g3 Bg7 6. Bg2 O-O 7. O-O d6 8. d3
Nd4 9. Nd2 c6 10. e3 Ne6 11. Nf3 Nc5 12. h3 1/2-1/2

[Event "GBR-ch89"]
[Site "Torquay"]
[Date "2002.08.03"]
[Round "6"]
[White "Lane, Gary W"]
[Black "Rudd, Jack"]
[Result "1-0"]
[WhiteElo "2446"]
[BlackElo "2139"]
[PlyCount "117"]
[EventDate "2002.07.29"]
[EventType "swiss"]
[EventRounds "11"]
[EventCountry "GBR"]
[SourceTitle "BritBase"]
[Source "John Saunders"]
[SourceDate "2008.07.14"]
[SourceVersion "1"]
[SourceVersionDate "2008.07.14"]
[SourceQuality "2"]

1. e4 e5 2. Nf3 Nc6 3. Bb5 a6 4. Ba4 Nf6 5. O-O Be7 6. Qe2 b5 7. Bb3 d6 8. a4
b4 9. Qc4 Qd7 10. Qxf7+ Kd8 11. Qxg7 Rf8 12. d3 Na5 13. Bf7 Qg4 14. Bg5 h6 15.
h3 Qxf3 16. gxf3 hxg5 17. Kh2 Nc6 18. c3 Kd7 19. f4 gxf4 20. Bd5 Bb7 21. Nd2
Rh8 22. Nf3 Rh5 23. Bf7 Rhh8 24. d4 exd4 25. cxd4 Raf8 26. e5 Ne8 27. Qg6 Kc8
28. Rac1 Kb8 29. Bd5 Bc8 30. Rxc6 Bxh3 31. Kg1 Bc8 32. Rc4 a5 33. Qd3 Bb7 34.
Be6 Rfg8+ 35. Bxg8 Rxg8+ 36. Kh2 Rh8+ 37. Kg2 Rg8+ 38. Kh2 Rh8+ 39. Kg2 Rg8+
40. Kh3 Bc8+ 41. e6 Bxe6+ 42. Kh2 Nf6 43. d5 Rh8+ 44. Kg1 Rg8+ 45. Kh1 Bxd5 46.
Rxf4 Rh8+ 47. Kg2 Rg8+ 48. Kh2 Rh8+ 49. Rh4 Ng4+ 50. Kg3 Bxh4+ 51. Kxg4 Be6+
52. Kf4 Rf8+ 53. Ke3 Bf6 54. Qb5+ Kc8 55. Nd4 Bxd4+ 56. Kxd4 c5+ 57. Ke3 Bd7
58. Qa6+ Kd8 59. Rh1 1-0

[Event "GBR-ch89"]
[Site "Torquay"]
[Date "2002.08.03"]
[Round "6"]
[White "Littlewood, Paul"]
[Black "Thipsay, Bagyashree"]
[Result "1-0"]
[WhiteElo "2401"]
[BlackElo "2264"]
[PlyCount "63"]
[EventDate "2002.07.29"]
[EventType "swiss"]
[EventRounds "11"]
[EventCountry "GBR"]
[SourceTitle "BritBase"]
[Source "John Saunders"]
[SourceDate "2008.07.14"]
[SourceVersion "1"]
[SourceVersionDate "2008.07.14"]
[SourceQuality "2"]

1. d4 d5 2. c4 e6 3. Nf3 c5 4. e3 Nf6 5. Nc3 Nc6 6. a3 a6 7. b3 cxd4 8. exd4
Be7 9. Be2 O-O 10. O-O Ne4 11. Qc2 Nxc3 12. Qxc3 Bf6 13. Rd1 Ne7 14. Bf4 Bd7
15. c5 b6 16. b4 Ba4 17. Rdc1 Nc6 18. Rab1 Nxd4 19. Nxd4 e5 20. Be3 bxc5 21.
bxc5 exd4 22. Bxd4 Bxd4 23. Qxd4 Bc6 24. Rb6 Qc8 25. Bf3 Rd8 26. Re1 Ra7 27. h4
Rc7 28. Re5 h6 29. h5 Kf8 30. Bg4 Qa8 31. Bf5 Bb5 32. Rxh6 1-0

[Event "GBR-ch89"]
[Site "Torquay"]
[Date "2002.08.03"]
[Round "6"]
[White "Mason, Don"]
[Black "Thomas, Nicholas"]
[Result "1/2-1/2"]
[WhiteElo "2266"]
[BlackElo "2248"]
[PlyCount "29"]
[EventDate "2002.07.29"]
[EventType "swiss"]
[EventRounds "11"]
[EventCountry "GBR"]
[SourceTitle "BritBase"]
[Source "John Saunders"]
[SourceDate "2008.07.14"]
[SourceVersion "1"]
[SourceVersionDate "2008.07.14"]
[SourceQuality "2"]

1. d4 e6 2. Nf3 Nf6 3. c4 b6 4. Nc3 Bb4 5. Bg5 h6 6. Bh4 g5 7. Bg3 Ne4 8. Rc1
Bxc3+ 9. bxc3 d6 10. Nd2 Nxg3 11. hxg3 Nd7 12. Qa4 Kf8 13. e3 Bb7 14. g4 Kg7
15. f3 1/2-1/2

[Event "GBR-ch89"]
[Site "Torquay"]
[Date "2002.08.03"]
[Round "6"]
[White "McDonald, Neil R"]
[Black "Woodward, Timothy"]
[Result "1-0"]
[WhiteElo "2396"]
[BlackElo "2211"]
[PlyCount "113"]
[EventDate "2002.07.29"]
[EventType "swiss"]
[EventRounds "11"]
[EventCountry "GBR"]
[SourceTitle "BritBase"]
[Source "John Saunders"]
[SourceDate "2008.07.14"]
[SourceVersion "1"]
[SourceVersionDate "2008.07.14"]
[SourceQuality "2"]

1. d4 d5 2. Bg5 c6 3. e3 h6 4. Bh4 Qb6 5. Qc1 e5 6. Nf3 exd4 7. exd4 Be7 8.
Bxe7 Nxe7 9. Nbd2 O-O 10. Be2 Re8 11. Nb3 Ng6 12. Qd2 Bg4 13. O-O Nd7 14. h3
Bxf3 15. Bxf3 Nf6 16. g3 Re7 17. Rfe1 Rae8 18. Rxe7 Rxe7 19. Re1 Qd8 20. Nc5 b6
21. Rxe7 Qxe7 22. Nd3 Ne4 23. Qe3 Ng5 24. Bg4 Qxe3 25. fxe3 Ne6 26. b3 Kf8 27.
c4 Ke7 28. Bh5 Nef8 29. Kf2 f6 30. a4 Kd6 31. c5+ Kc7 32. b4 Ne7 33. Be8 Ne6
34. h4 a5 35. bxa5 bxa5 36. Nc1 Nd8 37. Nb3 Nb7 38. Bh5 g5 39. hxg5 hxg5 40.
Be2 Kb8 41. Ba6 Ka7 42. Bxb7 Kxb7 43. Kf3 Ka6 44. Kg4 Kb7 45. Nxa5+ Kc7 46.
Nxc6 Nxc6 47. Kf5 Nb4 48. Kxf6 Nc2 49. Kxg5 Nxe3 50. Kf4 Nc2 51. Ke5 Ne3 52.
Ke6 Kd8 53. a5 Kc7 54. a6 Nc2 55. a7 Kb7 56. c6+ Kxa7 57. c7 1-0

[Event "GBR-ch89"]
[Site "Torquay"]
[Date "2002.08.03"]
[Round "6"]
[White "Mutton, Jonathan"]
[Black "Douglas, Timothy"]
[Result "0-1"]
[WhiteElo "2211"]
[BlackElo "2174"]
[PlyCount "80"]
[EventDate "2002.07.29"]
[EventType "swiss"]
[EventRounds "11"]
[EventCountry "GBR"]
[SourceTitle "BritBase August 2004"]

1. e4 g6 2. d4 d6 3. Nc3 c6 4. Bc4 Bg7 5. Qf3 e6 6. Nge2 Nd7 7. O-O Qe7 8. Qg3
Ngf6 9. Bg5 h6 10. Be3 e5 11. f4 b5 12. Bd3 O-O 13. dxe5 dxe5 14. f5 b4 15. Nd1
Nc5 16. fxg6 Ncxe4 17. Qh4 Ng5 18. Bxg5 hxg5 19. Qxg5 fxg6 20. Qxg6 Qc5+ 21.
Kh1 e4 22. Bxe4 Nxe4 23. Rxf8+ Qxf8 24. Qxe4 Qf1+ 25. Ng1 Bf5 26. Qf3 Qxf3 27.
Nxf3 Bxc2 28. Ne3 Bxb2 29. Re1 Bc3 30. Rc1 Be4 31. Nd1 Bf6 32. Rc4 Rd8 33. Nf2
Bd3 34. Rxc6 Bc3 35. h4 a5 36. Rc7 a4 37. Ng4 Bb1 38. Nh6+ Kf8 39. Rf7+ Ke8 40.
Ra7 Bxa2 {'and White resigned after Black's 48th move' (bulletin)} 0-1